Statistics for Most Important/Influencial European Medieval Cities

Click here to take the quiz!

General Stats

  • This quiz has been taken 180 times
  • The average score is 14 of 18

Answer Stats

Modern CountryCity% Correct
FranceParis
99%
ItalyRome
99%
CzechiaPrague
98%
UKLondon
97%
TurkeyConstantinople
97%
ItalyVenice
92%
ItalyMilan
91%
ItalyFlorence
88%
ItalyNaples
83%
ItalyGenoa
78%
SpainSeville
75%
ItalyPalermo
66%
GreeceThessaloniki
66%
SpainGranada
65%
SpainCordoba
57%
BelgiumGhent
54%
ItalyBologna
53%
GermanyAachen
41%

Score Distribution

Percentile by Number Answered

Percent of People with Each Score

Your Score History

You have not taken this quiz